Aprender a hablar en público (Registro nro. 4223)
[ vista simple ]
| 000 -Cabecera | |
|---|---|
| Campo de control de longitud fija | 00939aam a2200361 4500 |
| 005 - Fecha y hora de la última transacción | |
| Campo de control | 20250917143945.0 |
| 008 - Elementos de longitud fija--Información general | |
| Campo de control de longitud fija | 150407b1990 xxu||||| |||| 00| 0 spa d |
| 041 ## - Idioma | |
| Código de idioma | Español |
| 082 ## - Clasificación Decimal Dewey | |
| Número de clasificación | 808.51 V182a |
| 100 ## - Entrada principal--Autor personal | |
| Nombre personal | Vallejo Nagera, J.A |
| 9 (RLIN) | 13133 |
| 245 ## - Título propiamente dicho | |
| Título | Aprender a hablar en público |
| 260 ## - Pie de imprenta | |
| Lugar de publicación, distribución, etc. | España |
| 260 ## - Pie de imprenta | |
| Nombre del editor, distribuidor, etc. | Planeta |
| 260 ## - Pie de imprenta | |
| Fecha de publicación, distribución, etc. | 1998 |
| 300 ## - Descripción física | |
| Extensión | 154 páginas |
| 490 ## - Serie | |
| Título de la Serie | Temática General |
| 650 ## - Materia general | |
| Temática (materia general) | HABLAR EN PÚBLICO |
| 650 ## - Materia general | |
| Temática (materia general) | COMUNICACIÓN ORAL |
| 650 ## - Materia general | |
| Temática (materia general) | ORATORIA |
| 650 ## - Materia general | |
| Temática (materia general) | SER UN GRAN ORADOR |
| 650 ## - Materia general | |
| Temática (materia general) | FACILIDAD DE PALABRA |
| 650 ## - Materia general | |
| Temática (materia general) | EXPRESARSE BIEN ANTE UN PÚBLICO |
| 650 ## - Materia general | |
| Temática (materia general) | TEMOR AL BLOQUEO |
| 650 ## - Materia general | |
| Temática (materia general) | DISCURSOS |
| 650 ## - Materia general | |
| Temática (materia general) | SIMPATÍA |
| 650 ## - Materia general | |
| Temática (materia general) | AMABILIDAD |
| 650 ## - Materia general | |
| Temática (materia general) | ATUENDO |
| 650 ## - Materia general | |
| Temática (materia general) | EL MICRÓFONO |
| 650 ## - Materia general | |
| Temática (materia general) | ENTRENAMIENTO COLECTIVO |
| 650 ## - Materia general | |
| Temática (materia general) | APOYO EN DIAPOSITIVAS Y VIDEOS |
| 650 ## - Materia general | |
| Temática (materia general) | PREPARACIÓN DEL MENSAJE |
| 942 ## - Punto de acceso adicional KOHA | |
| Tipo de ítem KOHA | Libro |
| Fuente del sistema de clasificación o colocación | Dewey Decimal Classification |
| Signatura completa | Código de barras | Programa Académico | Tipo de ítem |
|---|---|---|---|
| 808.51 V182a | 8714 | Temática General | Libro |
| 808.51 V182a | 8991 | Temática General | Libro |